Every Forsythe Green Racing - Andretti Global IndyCar and CART Driver - Statistics

General Stats
  • This quiz has been taken 3 times
  • The average score is 29 of 42
Answer Stats
# of Races Nationality Driver % Correct
114 USA Alexander Rossi
100%
53 Colombia Carlos Munoz
100%
85 USA Danica Patrick
100%
47 UK Dan Wheldon
100%
165 UK Dario Franchitti
100%
1 Spain Fernando Alonso
100%
34 Japan Hideki Mutoh
100%
33 Canada Jacques Villeneuve
100%
74 Canada James Hinchcliffe
100%
3 USA John Andretti
100%
6 UK Justin Wilson
100%
56 USA Kyle Kirkwood
100%
253 USA Marco Andretti
100%
39 Sweden Marcus Ericsson
100%
47 USA Michael Andretti
100%
98 Canada Paul Tracy
100%
34 France Romain Grosjean
100%
1 UK Stefan Wilson
100%
17 Japan Takuma Sato
100%
131 Brazil Tony Kanaan
100%
5 Australia Will Power
100%
2 Brazil Ana Beatriz
50%
58 USA Bryan Herta
50%
98 USA Colton Herta
50%
2 USA Conor Daly
50%
34 Canada Devlin DeFrancesco
50%
18 Venezuela E.J. Viso
50%
1 UK Jack Harvey
50%
1 USA Kurt Busch
50%
1 Spain Oriol Servia
50%
17 USA Parker Johnstone
50%
1 USA Robby Gordon
50%
198 USA Ryan Hunter-Reay
50%
3 Colombia Sebastian Saavedra
50%
3 Switzerland Simona de Silvestro
50%
1 USA Townsend Bell
50%
45 USA Zach Veach
50%
2 UK Adam Carroll
0%
1 USA A.J. Foyt IV
0%
2 France Franck Montagny
0%
16 UK Mike Conway
0%
17 Brazil Raul Boesel
0%
No matching quizzes found
Score Distribution
Percent of People with Each Score
Percentile by Number Answered
Your Score History
You have not taken this quiz